| 000 | 01224nam a2200277Ia 4500 | ||
|---|---|---|---|
| 003 | OSt | ||
| 005 | 20221005105724.0 | ||
| 006 | a|||||r|||| 00| 0 | ||
| 007 | ta | ||
| 008 | 221004b |||||||| |||| 00| 0 hin d | ||
| 020 |
_a8187987022 (pbk) _c110 |
||
| 024 | _a102947 | ||
| 037 |
_b462, 12/02/2010, Eastern Book Linkers _cTextual |
||
| 040 |
_aCRL _cCRL _bhin |
||
| 041 |
_2hin _ahin |
||
| 082 | _aA0bQ1, 152P5 | ||
| 100 | _aचतुर्वेदी, श्रीगिरिधर शर्मा | ||
| 245 | 0 | _aवैदिक - विज्ञान | |
| 246 | _aVaidik - vijnyāna | ||
| 250 | _aद्वितीय | ||
| 260 |
_aनई दिल्ली _bश्री लालबहादुर शास्त्री राष्ट्रिय संस्कृत विद्यापीठ भारत _c2005 |
||
| 300 |
_a152पृ0 _ccm. |
||
| 700 | _a उपाध्याय, वाचस्पति, संपा. | ||
| 942 |
_hA0bQ1, 152P5 _cTEXL _2cc |
||
| 999 |
_c1016707 _d1016707 |
||